000 00677nas a2200229 4500
001 BR7306933
003 BR-BrBNA
005 20231205100251.0
007 ta
008 230509b bl.|||p| |||| 00| 00por d
040 _aBR-BrBNA
_bpor
_cBiblioteca Nacional de Agricultura
041 _a(Pt)
072 _aL72
100 1 _aBotelho, A.C.
245 1 _aSem combate as parasitoses e prejuizo certo a criacao de gado
650 _aGado
650 _aParasito de Animal
650 _aControle Quimico
773 0 _tAgricultura e Pecuaria (Brazil)
_xISSN 0100-249X
_g(Jun 1975, (no. 600) p. 20
_wBR7306933
909 _a202311
_bLúcia
_c55
_dLúcia Elande
942 _2AGRIS
_n0
_cANA
999 _c155041
_d155041